Hummingbirds as vectors of fungal spores in Moussonia deppeana (Gesneriaceae) (Registro nro. 13112)

Detalles MARC
000 -CABECERA
Campo de control 007880000a22002170004500
090 ## - CLASIFICACIÓN LOCAL
Colección AR
Consecutivo 04080
041 0# - IDIOMA
Código de idioma para texto/pista de sonido o título separado
100 1# - ASIENTO PRINCIPAL--NOMBRE PERSONAL
Nombre personal Lara, Carlos
245 10 - MENCION DE TITULO
Título Hummingbirds as vectors of fungal spores in Moussonia deppeana (Gesneriaceae)
Version taking advantage of a mutualism
650 14 - ASIENTO SECUNDARIO DE MATERIA - TERMINO TEMATICO
Término temático o nombre geográfico como elemento de entrada Polinización
650 14 - ASIENTO SECUNDARIO DE MATERIA - TERMINO TEMATICO
Término temático o nombre geográfico como elemento de entrada Relación planta-animal
650 14 - ASIENTO SECUNDARIO DE MATERIA - TERMINO TEMATICO
Término temático o nombre geográfico como elemento de entrada Producción de semillas
650 14 - ASIENTO SECUNDARIO DE MATERIA - TERMINO TEMATICO
Término temático o nombre geográfico como elemento de entrada Esporas
650 14 - ASIENTO SECUNDARIO DE MATERIA - TERMINO TEMATICO
Término temático o nombre geográfico como elemento de entrada Colibrís
651 #4 - ASIENTO SECUNDARIO DE MATERIA - NOMBRE GEOGRAFICO
-- Parque Ecológico Francisco Xavier Clavijero
-- Xalapa
-- Veracruz
-- México
653 ## - TERMINO DE INDIZACION - NO CONTROLADO
-- Moussonia
-- Moussonia deppeana
653 ## - TERMINO DE INDIZACION - NO CONTROLADO
-- Fusarium
-- Fusarium moniliforme
700 1# - ASIENTO SECUNDARIO - NOMBRE PERSONAL
Nombre personal Ornelas, Juan Francisco
773 1# - Item fuente:
Título American Journal of Botany
Descripción física 2
Paginas del Articulo 262-269
Lugar, editorial y fecha de publicación 2003
Información sobre la relación 90
942 ## - ELEMENTOS ADICIONALES (KOHA)
Tipo de ítem Artículo
Existencias
Withdrawn status Lost status Damaged status No para préstamo Colección Ubicación Permanente Ubicación actual Fecha de adquisición Datos de publicación Seriada Total Checkouts Número topográfico Inventario / Código de Barras Date last seen Price effective from Forma de adquisición Tipo de material
      No para Préstamo Hemeroteca Bogotá Bogotá 27/02/2015 Fuera de circulación   AR 04080 017697 25/03/2015 25/03/2015   Artículo